| 000 | 00672nam a22001577a 4500 | ||
|---|---|---|---|
| 003 | OSt | ||
| 005 | 20150921153433.0 | ||
| 008 | 150921b xxu||||| |||| 00| 0 eng d | ||
| 040 | _cRUA | ||
| 082 | _aAGR PHE 2008 B035 Or.1 | ||
| 100 |
_91027 _aPHENG VIYOURA |
||
| 245 | _acomparing varieties of lettuce in dry season at royal university of agriculture,(ការប្រៀបធៀបពូជដំណាំសាលាដ ក្នុងលក្ខខណ្ឋរដូវប្រាំង នៅសាកលវិទ្យាល័យភូមិន្ទកសិកម្ម) | ||
| 260 |
_aphnom penh _bRUA _c2008 |
||
| 300 |
_ax,48p _cill. _g29cm. |
||
| 942 |
_2ddc _cAGR |
||
| 999 |
_c983 _d983 |
||